[Event "AUT-chT2O 2223"]
[Site "Austria"]
[Date "2023.01.21"]
[Round "6.6"]
[White "Miazhynski, Yuri"]
[Black "Petran, Peter"]
[Result "1/2-1/2"]
[WhiteElo "2171"]
[BlackElo "2228"]
[PlyCount "87"]
[EventDate "2022.10.15"]
[EventType "team-tourn"]
[EventRounds "11"]
[EventCountry "AUT"]
[SourceTitle "CBM 213 Extra"]
[Source "ChessBase"]
[SourceDate "2023.05.31"]
[SourceVersion "1"]
[SourceVersionDate "2023.05.31"]
[SourceQuality "1"]
[WhiteTeam "Kottingbrunn"]
[BlackTeam "Mattersburg"]
[WhiteTeamCountry "AUT"]
[BlackTeamCountry "AUT"]

1. e4 g6 2. d4 Bg7 3. Nf3 d6 4. h3 Nf6 5. Bd3 0-0 6. 0-0 Nfd7 7. Re1 e5 8. c3 b6 9. Nbd2 Bb7 10. Nf1 Re8 11. Ng3 Qe7 12. Bg5 Qf8 13. a4 exd4 14. cxd4 c5 15. a5 bxa5 16. Bc4 Nc6 17. Bd5 Nb6 18. Bxc6 Bxc6 19. Rxa5 Nc4 20. Ra2 cxd4 21. Nxd4 Bd7 22. b3 Nb6 23. Be3 Rec8 24. Qd2 Rc7 25. Rc1 Rxc1+ 26. Qxc1 Qd8 27. Nc6 Qe8 28. Nxa7 Nc8 29. Qc7 Be6 30. Qb7 Ne7 31. Rd2 Rb8 32. Qc7 d5 33. Bc5 Bf6 34. Bxe7 Bxe7 35. Nc6 Bg5 36. Qxb8 Qxb8 37. Nxb8 Bxd2 38. Nc6 dxe4 39. Nxe4 Bf4 40. b4 Kf8 41. g3 Bc7 42. Nf6 Bxh3 43. g4 h5 44. gxh5 1/2-1/2

[Event "AUT-ch"]
[Site "Vienna"]
[Date "2022.08.14"]
[Round "3"]
[White "Morgunov, Marc"]
[Black "Miazhynski, Yuri"]
[Result "1-0"]
[WhiteElo "2412"]
[BlackElo "2175"]
[PlyCount "85"]
[EventDate "2022.08.12"]
[EventType "swiss"]
[EventRounds "9"]
[EventCountry "AUT"]
[SourceTitle "CBM 209 Extra"]
[Source "ChessBase"]
[SourceDate "2022.09.30"]
[SourceVersion "1"]
[SourceVersionDate "2022.09.30"]
[SourceQuality "1"]

1. e4 c6 2. Nc3 d5 3. Nf3 dxe4 4. Nxe4 Nf6 5. Qe2 Nxe4 6. Qxe4 Qd5 7. Qf4 Qf5 8. Qe3 Qe6 9. b3 Qxe3+ 10. fxe3 Bf5 11. Bb2 a5 12. d3 a4 13. e4 Bg6 14. h4 Bh5 15. Ne5 Nd7 16. g4 Nxe5 17. gxh5 Nd7 18. 0-0-0 e6 19. Kb1 Rg8 20. Be2 Be7 21. d4 axb3 22. axb3 Nf6 23. Bf3 g6 24. hxg6 hxg6 25. c4 Nd7 26. e5 Nb6 27. h5 0-0-0 28. hxg6 Rxg6 29. Rh7 Rg3 30. Rxf7 Rf8 31. Rxf8+ Bxf8 32. Rf1 Bh6 33. Kc2 Be3 34. Kd3 Rg1 35. Rxg1 Bxg1 36. Bg4 Kd7 37. Ba3 Na8 38. d5 Nc7 39. dxe6+ Nxe6 40. Bd6 b6 41. b4 Bf2 42. Ke4 Bh4 43. b5 1-0

[Event "AUT-chT2O 2122"]
[Site "Austria"]
[Date "2022.02.27"]
[Round "7.5"]
[White "Leitner, Gerald"]
[Black "Miazhynski, Yuri"]
[Result "0-1"]
[WhiteElo "2153"]
[BlackElo "2130"]
[PlyCount "116"]
[EventDate "2021.10.16"]
[EventType "team-tourn"]
[EventRounds "11"]
[EventCountry "AUT"]
[SourceTitle "EXT 2023"]
[Source "ChessBase"]
[SourceDate "2022.10.05"]
[SourceVersion "1"]
[SourceVersionDate "2022.10.05"]
[SourceQuality "1"]
[WhiteTeam "Tschaturanga"]
[BlackTeam "Bad Voeslau"]
[WhiteTeamCountry "AUT"]
[BlackTeamCountry "AUT"]

1. d4 Nf6 2. c4 c5 3. Nf3 g6 4. Nc3 Bg7 5. d5 d6 6. e4 0-0 7. h3 b5 8. cxb5 a6 9. a4 Nbd7 10. Be2 axb5 11. Bxb5 Ba6 12. Bxa6 Rxa6 13. 0-0 Qa8 14. Re1 Nb6 15. Qc2 Qb7 16. b3 Rb8 17. Ra2 Ne8 18. Bb2 Nc7 19. Ba1 Nd7 20. Nd2 Qb4 21. Ne2 Ra7 22. Bxg7 Kxg7 23. Raa1 Rab7 24. Rad1 f6 25. Nc3 Qa5 26. Ncb1 Qa6 27. Na3 Ne5 28. Re3 Qa7 29. Nac4 Nxc4 30. Nxc4 Rb4 31. Kh2 Na8 32. Rc3 Nb6 33. Na3 Qb7 34. Rd2 Na8 35. Nb5 Nc7 36. Nxc7 Qxc7 37. f3 Qb6 38. Rdd3 g5 39. Qd1 Qa6 40. Re3 Rd4 41. Red3 Rdb4 42. Qc2 Qb6 43. Qd1 h6 44. Qe2 Qa6 45. Qe3 R8b7 46. f4 c4 47. Rxc4 Rxc4 48. bxc4 Qxa4 49. fxg5 hxg5 50. Rc3 Rb1 51. c5 dxc5 52. Rxc5 Qa1 53. Rc3 Re1 54. Qd4 Rh1+ 55. Kg3 Qe1+ 56. Kg4 Rf1 57. Rf3 Qh4+ 58. Kf5 Rxf3+ 0-1

[Event "AUT-chT2O 2122"]
[Site "Austria"]
[Date "2022.01.16"]
[Round "4.4"]
[White "Miazhynski, Yuri"]
[Black "Alvir, Aco"]
[Result "1/2-1/2"]
[WhiteElo "2130"]
[BlackElo "2340"]
[PlyCount "43"]
[EventDate "2021.10.16"]
[EventType "team-tourn"]
[EventRounds "11"]
[EventCountry "AUT"]
[SourceTitle "EXT 2023"]
[Source "ChessBase"]
[SourceDate "2022.10.05"]
[SourceVersion "1"]
[SourceVersionDate "2022.10.05"]
[SourceQuality "1"]
[WhiteTeam "Bad Voeslau"]
[BlackTeam "Pamhagen II"]
[WhiteTeamCountry "AUT"]
[BlackTeamCountry "AUT"]

1. e4 g6 2. d4 Bg7 3. Nf3 d6 4. h3 Nf6 5. Nc3 0-0 6. Be2 Nc6 7. Bg5 h6 8. Be3 d5 9. exd5 Nb4 10. 0-0 Bf5 11. Rc1 Nbxd5 12. Nxd5 Nxd5 13. Bd2 c5 14. c4 cxd4 15. cxd5 d3 16. Bc3 dxe2 17. Qxe2 Qxd5 18. Bxg7 Kxg7 19. Rc7 Be4 20. Rd1 Bxf3 21. Qxf3 Qxf3 22. gxf3 1/2-1/2

[Event "AUT-ch Rapid"]
[Site "Graz"]
[Date "2021.06.05"]
[Round "4"]
[White "Hiermann, Dietmar"]
[Black "Miazhynski, Yuri"]
[Result "1-0"]
[WhiteElo "2236"]
[BlackElo "2140"]
[PlyCount "125"]
[EventDate "2021.06.04"]
[EventType "swiss (rapid)"]
[EventRounds "9"]
[EventCountry "AUT"]
[SourceTitle "CBM 202 Extra"]
[Source "ChessBase"]
[SourceDate "2021.07.31"]
[SourceVersion "1"]
[SourceVersionDate "2021.07.31"]
[SourceQuality "1"]

1. e4 c6 2. d4 d5 3. exd5 cxd5 4. Bd3 Nc6 5. c3 g6 6. Bf4 f6 7. Nf3 Bg7 8. 0-0 e5 9. dxe5 fxe5 10. Bxe5 Nxe5 11. Nxe5 Bxe5 12. Re1 Ne7 13. Bb5+ Bd7 14. Bxd7+ Qxd7 15. Rxe5 0-0 16. Na3 Rad8 17. Qd3 Nc6 18. Re2 Qf7 19. f3 d4 20. Qc4 Qxc4 21. Nxc4 dxc3 22. bxc3 Rd3 23. Rc1 Rfd8 24. Rcc2 Rc8 25. Kf2 b5 26. Nb2 Rd7 27. a4 a6 28. axb5 axb5 29. Rcd2 Rdc7 30. Nd1 b4 31. cxb4 Nxb4 32. Ne3 Rc3 33. Rd6 Re8 34. Ng4 Rxe2+ 35. Kxe2 Rc2+ 36. Rd2 Rxd2+ 37. Kxd2 Kg7 38. Kc3 Nd5+ 39. Kd4 Nf4 40. g3 Ne6+ 41. Ke5 Nc5 42. Nf2 Nb3 43. Ne4 Kf7 44. h4 Nc1 45. Ng5+ Kg7 46. Ke4 Ne2 47. g4 Nc3+ 48. Kd4 Ne2+ 49. Ke5 h6 50. Ne6+ Kf7 51. Nd4 Nc1 52. Ke4 Na2 53. Ke5 Nc1 54. Ke4 Na2 55. Nb5 Kf6 56. f4 Nc1 57. Nc3 Nb3 58. Kd5 Nd2 59. Ne4+ Nxe4 60. Kxe4 Ke6 61. g5 hxg5 62. hxg5 Kf7 63. Kd5 1-0

[Event "AUT-chT2O 1718"]
[Site "Austria"]
[Date "2018.04.08"]
[Round "11.6"]
[White "Miazhynski, Yuri"]
[Black "Druckenthaner, Andreas"]
[Result "1/2-1/2"]
[WhiteElo "2104"]
[BlackElo "2266"]
[PlyCount "109"]
[EventDate "2017.10.21"]
[EventType "team-tourn"]
[EventRounds "11"]
[EventCountry "AUT"]
[SourceTitle "EXT 2019"]
[Source "ChessBase"]
[SourceDate "2018.10.10"]
[SourceVersion "1"]
[SourceVersionDate "2018.10.10"]
[SourceQuality "1"]
[WhiteTeam "Bad Voeslau"]
[BlackTeam "Austria"]
[WhiteTeamCountry "AUT"]
[BlackTeamCountry "AUT"]

1. Nf3 Nc6 2. c4 e5 3. Nc3 g6 4. d3 Bg7 5. h4 Nf6 6. Nd5 d6 7. Nxf6+ Qxf6 8. e3 Bg4 9. Be2 0-0 10. Ng5 Bxe2 11. Qxe2 h6 12. Ne4 Qe6 13. Nc3 Ne7 14. Bd2 c6 15. h5 g5 16. g4 f5 17. gxf5 Nxf5 18. 0-0-0 d5 19. Qg4 Qf7 20. f4 gxf4 21. exf4 e4 22. dxe4 dxe4 23. Nxe4 Qxc4+ 24. Bc3 Qxe4 25. Rhe1 Qc4 26. Re5 Rad8 27. Rxd8 Rxd8 28. Rxf5 Qf1+ 29. Kc2 Qd3+ 30. Kb3 Qd1+ 31. Qxd1 Rxd1 32. a4 Rd7 33. Ra5 a6 34. Kc4 Rf7 35. f5 b5+ 36. Kd3 Rxf5 37. Rxa6 Bxc3 38. bxc3 bxa4 39. Rxa4 Rxh5 40. Ra7 Re5 41. Kd4 Re6 42. Kc5 h5 43. c4 h4 44. Kb6 h3 45. c5 h2 46. Ra1 Rh6 47. Rh1 Kf7 48. Kb7 Ke8 49. Kb6 Kd7 50. Rd1+ Ke7 51. Rh1 Kd8 52. Rd1+ Kc8 53. Rh1 Kd7 54. Rd1+ Ke7 55. Rh1 1/2-1/2

[Event "AUT-chT2O 1617"]
[Site "Austria"]
[Date "2017.04.02"]
[Round "11.4"]
[White "Miazhynski, Yuri"]
[Black "Brod, Manfred"]
[Result "1/2-1/2"]
[WhiteElo "2059"]
[BlackElo "2277"]
[PlyCount "42"]
[EventDate "2016.10.15"]
[EventType "team-tourn"]
[EventRounds "11"]
[EventCountry "AUT"]
[SourceTitle "CBM 177 Extra"]
[Source "ChessBase"]
[SourceDate "2017.04.27"]
[SourceVersion "1"]
[SourceVersionDate "2017.04.27"]
[SourceQuality "1"]
[WhiteTeam "Favoriten"]
[BlackTeam "Mattersburg"]
[WhiteTeamCountry "AUT"]
[BlackTeamCountry "AUT"]

1. e4 e6 2. Nf3 d5 3. e5 c5 4. b4 cxb4 5. a3 d4 6. axb4 Bxb4 7. c3 dxc3 8. Qa4+ Nc6 9. dxc3 Bf8 10. Bb5 Bd7 11. 0-0 a6 12. Rd1 Qc7 13. Qe4 Nge7 14. Bf4 Ng6 15. Bg3 Ra7 16. Bd3 b5 17. h4 Bc5 18. h5 Nge7 19. Qg4 g6 20. Nbd2 Nd5 21. Ne4 Nce7 1/2-1/2

[Event "Niederoesterreich Landesliga 1617"]
[Site "Austria"]
[Date "2017.02.26"]
[Round "8.3"]
[White "Miazhynski, Yuri"]
[Black "Hapala, Elisabeth"]
[Result "0-1"]
[WhiteElo "2081"]
[BlackElo "2222"]
[PlyCount "96"]
[EventDate "2016.10.02"]
[EventType "team-tourn"]
[EventRounds "11"]
[EventCountry "AUT"]
[SourceTitle "EXT 2018"]
[Source "ChessBase"]
[SourceDate "2017.10.13"]
[SourceVersion "1"]
[SourceVersionDate "2017.10.13"]
[SourceQuality "1"]
[WhiteTeam "Kottingbrunn"]
[BlackTeam "Krems Voest"]
[WhiteTeamCountry "AUT"]
[BlackTeamCountry "AUT"]

1. e4 c5 2. Nf3 e6 3. d4 cxd4 4. Nxd4 Nc6 5. c4 Nf6 6. Nc3 Bb4 7. Nxc6 bxc6 8. Bd3 e5 9. 0-0 Be7 10. Kh1 0-0 11. f4 exf4 12. e5 Ne8 13. Bxf4 d6 14. Ne4 d5 15. cxd5 cxd5 16. Nc3 Nc7 17. Qh5 g6 18. Qf3 Be6 19. Ne2 Rb8 20. b3 Qd7 21. Bh6 Rfd8 22. Rac1 Ba3 23. Rc2 d4 24. Nf4 Nd5 25. Nxe6 Qxe6 26. Bc4 Rd7 27. Qe4 Bc5 28. a4 a5 29. Bd2 Bb6 30. b4 axb4 31. Bxb4 Bc7 32. Bc5 Qxe5 33. Qxe5 Bxe5 34. Re2 Ne3 35. Rxe3 dxe3 36. Bxe3 Bc3 37. h3 Rbd8 38. Kh2 Be5+ 39. g3 Rc7 40. Bb5 Rc2+ 41. Rf2 Rxf2+ 42. Bxf2 Rd2 43. Kg1 Bd4 44. Bxd4 Rxd4 45. Kf2 Rb4 46. Kf3 Kf8 47. g4 g5 48. Bc6 Ke7 0-1

[Event "Niederoesterreich Landesliga 1617"]
[Site "Austria"]
[Date "2017.01.22"]
[Round "5.2"]
[White "Miazhynski, Yuri"]
[Black "Buchnicek, Petr"]
[Result "0-1"]
[WhiteElo "2081"]
[BlackElo "2310"]
[PlyCount "146"]
[EventDate "2016.10.02"]
[EventType "team-tourn"]
[EventRounds "11"]
[EventCountry "AUT"]
[SourceTitle "EXT 2018"]
[Source "ChessBase"]
[SourceDate "2017.10.13"]
[SourceVersion "1"]
[SourceVersionDate "2017.10.13"]
[SourceQuality "1"]
[WhiteTeam "Kottingbrunn"]
[BlackTeam "Zwettl"]
[WhiteTeamCountry "AUT"]
[BlackTeamCountry "AUT"]

1. e4 d5 2. exd5 Nf6 3. c4 c6 4. d4 cxd5 5. Nc3 g6 6. cxd5 Bg7 7. Nf3 0-0 8. Bc4 Nbd7 9. d6 exd6 10. 0-0 Nb6 11. Bb3 d5 12. Re1 Bf5 13. Ne5 Rc8 14. g4 Be6 15. h3 Nfd7 16. f4 Qh4 17. Kg2 Nxe5 18. fxe5 h5 19. Bf4 hxg4 20. hxg4 Bxg4 21. Rh1 Bh3+ 22. Rxh3 Qxf4 23. Qd3 Rfd8 24. Rf1 Qg4+ 25. Rg3 Qe6 26. Bd1 Qe7 27. Nb5 Nc4 28. b3 a6 29. Nc3 Nb2 30. Qf3 Nxd1 31. Rxd1 Qe6 32. Rd2 b5 33. Rf2 Rd7 34. Qd3 Rdc7 35. Ne2 Rc2 36. Nf4 Rxf2+ 37. Kxf2 Qc6 38. Rf3 Bh6 39. Ne2 Bg5 40. Qd1 Kg7 41. Qh1 Qe6 42. Rc3 Rh8 43. Qf3 Rh2+ 44. Kg1 Rh4 45. Kg2 Re4 46. Rc7 Re3 47. Nf4 Bxf4 48. Qxf4 Re4 49. Qf6+ Qxf6 50. exf6+ Kxf6 51. a4 bxa4 52. bxa4 Rxd4 53. Rc6+ Ke5 54. Rxa6 Rd2+ 55. Kf3 Ra2 56. a5 Ra4 57. Ra8 f5 58. Rg8 Ra3+ 59. Ke2 Kf6 60. Ra8 g5 61. a6 Ke5 62. a7 Kf4 63. Rd8 Rxa7 64. Rxd5 Ra2+ 65. Kf1 Kg4 66. Kg1 f4 67. Rb5 f3 68. Rc5 Kf4 69. Kh1 g4 70. Rc1 g3 71. Kg1 Rg2+ 72. Kf1 Rh2 73. Rc4+ Ke5 0-1

[Event "AUT-chT2O 1617"]
[Site "Austria"]
[Date "2016.12.03"]
[Round "5.3"]
[White "Miazhynski, Yuri"]
[Black "Haas, Bernhard"]
[Result "1-0"]
[WhiteElo "2059"]
[BlackElo "2013"]
[PlyCount "59"]
[EventDate "2016.10.15"]
[EventType "team-tourn"]
[EventRounds "11"]
[EventCountry "AUT"]
[SourceTitle "CBM 177 Extra"]
[Source "ChessBase"]
[SourceDate "2017.04.27"]
[SourceVersion "1"]
[SourceVersionDate "2017.04.27"]
[SourceQuality "1"]
[WhiteTeam "Favoriten"]
[BlackTeam "Bad Voeslau"]
[WhiteTeamCountry "AUT"]
[BlackTeamCountry "AUT"]

1. e4 e6 2. Nf3 d5 3. e5 c5 4. b4 cxb4 5. a3 Nc6 6. axb4 Nxb4 7. c3 Nc6 8. d4 f6 9. Bd3 f5 10. Ba3 Bxa3 11. Nxa3 Nh6 12. 0-0 0-0 13. c4 Nb4 14. c5 Nxd3 15. Qxd3 Bd7 16. Nb5 Bxb5 17. Qxb5 b6 18. Ra6 bxc5 19. Rxe6 cxd4 20. Rd6 Qe7 21. Qxd5+ Nf7 22. Rd7 Rad8 23. e6 Rxd7 24. exd7 Qe4 25. Qc5 d3 26. Ng5 Qe2 27. Nxf7 d2 28. Qd5 g6 29. Ng5+ Kg7 30. Ne6+ 1-0